[Event "Sparkassen-Open A"]
[Site "Heusenstamm, Martinsee"]
[Date "2018.11.23"]
[Round "3.26"]
[White "Bordin, Igor"]
[Black "Klundt, Klaus"]
[Result "0-1"]
[WhiteElo "2051"]
[BlackElo "2313"]
[PlyCount "54"]
[EventDate "2018.??.??"]
[WhiteTeam "SC Fehrbach"]
[BlackTeam "SC Heusenstamm"]

1. e4 c5 2. Nf3 e6 3. d4 cxd4 4. Qxd4 Nc6 5. Qd3 Nf6 6. Nc3 Bb4 7. Bd2 O-O 8.
O-O-O d5 9. exd5 exd5 10. h3 Be6 11. Nd4 Rc8 12. g4 Nxd4 13. Qxd4 Bc5 14. Qf4
d4 15. Be3 Nd5 16. Nxd5 Qxd5 17. Bd3 Rfd8 18. b3 dxe3 19. Bxh7+ Kxh7 20. Rxd5
Bxd5 21. f3 Kg8 22. h4 Be6 23. Qe4 Rd4 24. Qe5 Rd2 25. Kb1 e2 26. Rc1 Ba3 27.
Qe3 Rcxc2 0-1

[Event "Sparkassen-Open A"]
[Site "Heusenstamm, Martinsee"]
[Date "2018.11.23"]
[Round "3.27"]
[White "Neukirchner, Pascal"]
[Black "Harringer, Manfred"]
[Result "1-0"]
[WhiteElo "2305"]
[BlackElo "2038"]
[PlyCount "81"]
[EventDate "2018.??.??"]
[WhiteTeam "SK GrÃ¼ndau"]
[BlackTeam "Bergische SF"]

1. d4 Nf6 2. c4 e6 3. g3 d5 4. Nf3 Be7 5. Bg2 O-O 6. O-O dxc4 7. Qc2 a6 8. a4
Nc6 9. Qxc4 Qd5 10. Nbd2 Qxc4 11. Nxc4 Rd8 12. Rd1 Bd7 13. Nfe5 Be8 14. Nxc6
Bxc6 15. Bxc6 bxc6 16. Na5 Rd5 17. Nxc6 Bf8 18. f3 a5 19. Bf4 Rd7 20. e4 Ne8
21. Rac1 f6 22. b3 Nd6 23. h4 Nb7 24. Kf2 Ba3 25. Ra1 Bd6 26. Ke3 Kf7 27. e5
Bf8 28. Rac1 Ba3 29. Rc2 Bc5 30. Ke2 Bb6 31. g4 Nd8 32. exf6 gxf6 33. Rdc1 Nxc6
34. Rxc6 Bxd4 35. Rxc7 Rad8 36. Rxd7+ Rxd7 37. Rc7 Ke7 38. Rxd7+ Kxd7 39. Bd2
Bb6 40. Kd3 Kc6 41. Kc4 1-0

[Event "Sparkassen-Open A"]
[Site "Heusenstamm, Martinsee"]
[Date "2018.11.23"]
[Round "3.28"]
[White "Mooser, Stefan"]
[Black "Oparaugo, Thomas"]
[Result "1-0"]
[WhiteElo "2269"]
[BlackElo "2052"]
[PlyCount "83"]
[EventDate "2018.??.??"]
[WhiteTeam "FC Ergolding"]
[BlackTeam "SV Oberursel"]

1. Nf3 Nf6 2. g3 d5 3. Bg2 c5 4. O-O Nc6 5. d4 cxd4 6. Nxd4 e5 7. Nxc6 bxc6 8.
c4 Be6 9. Nc3 Qd7 10. Qa4 Rc8 11. cxd5 cxd5 12. Qxd7+ Kxd7 13. Rd1 Rc5 14. Bg5
Bd6 15. Bxf6 gxf6 16. Bxd5 Rb8 17. Bxe6+ Kxe6 18. Rxd6+ Kxd6 19. Ne4+ Kc6 20.
Nxc5 Kxc5 21. Rc1+ Kd4 22. b3 Rb7 23. Rc4+ Kd5 24. e4+ Kd6 25. Kg2 a5 26. Kf3
Rb4 27. Ke3 Rb8 28. Kd3 Rb5 29. Kc3 Rb8 30. a3 h5 31. h4 Rb6 32. Rc8 Kd7 33.
Rc5 a4 34. bxa4 Rb1 35. a5 Kd6 36. Rc4 Rb5 37. Ra4 Rc5+ 38. Kb4 Kc6 39. a6 Rb5+
40. Kc4 Rb8 41. a7 Ra8 42. Ra6+ 1-0

[Event "Sparkassen-Open A"]
[Site "Heusenstamm, Martinsee"]
[Date "2018.11.23"]
[Round "3.29"]
[White "Von Auer, Ulrich"]
[Black "Bomans, Arno"]
[Result "1/2-1/2"]
[WhiteElo "2042"]
[BlackElo "2262"]
[PlyCount "75"]
[EventDate "2018.??.??"]
[WhiteTeam "SF Frankfurt"]
[BlackTeam "Gambiet Opwijk"]

1. d4 d6 2. Nf3 f5 3. Nc3 Nf6 4. Qd3 d5 5. Bf4 e6 6. h3 a6 7. g4 g6 8. Ne5 Nbd7
9. f3 Nxe5 10. Bxe5 Bd6 11. gxf5 gxf5 12. Bxd6 Qxd6 13. O-O-O Bd7 14. Kb1 O-O-O
15. Rg1 Rhg8 16. Rxg8 Rxg8 17. e4 fxe4 18. fxe4 Rg3 19. Qe2 Qf4 20. exd5 Nxd5
21. Nxd5 exd5 22. a3 Rg1 23. Ka2 Bb5 24. Qe6+ Kb8 25. Be2 Rxd1 26. Bxd1 Qxd4
27. Bg4 Qe4 28. Qc8+ Ka7 29. Bf5 Qc4+ 30. b3 Qc3 31. Qg8 h5 32. Qxd5 h4 33. Qe4
Qg3 34. Qd4+ Kb8 35. Qd8+ Ka7 36. Qd4+ Kb8 37. Qd8+ Ka7 38. Qd4+ 1/2-1/2

[Event "Sparkassen-Open A"]
[Site "Heusenstamm, Martinsee"]
[Date "2018.11.23"]
[Round "3.30"]
[White "Wolf, Ulrich Martin"]
[Black "Huschens, Matthias"]
[Result "1/2-1/2"]
[WhiteElo "2221"]
[BlackElo "1989"]
[PlyCount "43"]
[EventDate "2018.??.??"]
[WhiteTeam "SC Hansa Dortmund"]
[BlackTeam "SG Kaiserslautern"]

1. d4 d5 2. Nf3 Nf6 3. c4 e6 4. Nc3 Be7 5. g3 O-O 6. Bg2 c6 7. O-O Nbd7 8. Bg5
dxc4 9. e4 b5 10. Qc2 Bb7 11. Rfd1 h6 12. Bf4 Qc8 13. Rac1 a5 14. d5 exd5 15.
exd5 Nxd5 16. Nxd5 cxd5 17. Nd4 Nc5 18. Nxb5 Qd7 19. Nc7 Nd3 20. Nxa8 Nxc1 21.
Nb6 Qe6 22. Bxc1 1/2-1/2

[Event "Sparkassen-Open A"]
[Site "Heusenstamm, Martinsee"]
[Date "2018.11.23"]
[Round "3.31"]
[White "Leck, Gerrit"]
[Black "Erdmann, Stefan"]
[Result "1-0"]
[WhiteElo "1993"]
[BlackElo "2216"]
[PlyCount "99"]
[EventDate "2018.??.??"]
[WhiteTeam "SV Lahn Limburg"]
[BlackTeam "SC Bad Soden"]

1. e4 c5 2. Nf3 Nc6 3. Bb5 d6 4. O-O Bd7 5. c3 Nf6 6. Re1 a6 7. Ba4 b5 8. Bc2
Bg4 9. d3 e6 10. h3 Bh5 11. Nbd2 Nd7 12. Qe2 Be7 13. Nf1 O-O 14. Ng3 Bg6 15. d4
cxd4 16. cxd4 Nb6 17. b3 d5 18. e5 Bxc2 19. Qxc2 Rc8 20. Qe2 Nb4 21. Rd1 Rc2
22. Rd2 Qc7 23. Ba3 Rc8 24. Ne1 Rc6 25. Nf1 Qd7 26. Ne3 R6c7 27. Bb2 Nc6 28.
Rc2 Nb4 29. Rd2 Qe8 30. Nd3 Nxd3 31. Qxd3 a5 32. Rc2 Rxc2 33. Nxc2 a4 34. Ba3
Bxa3 35. Nxa3 b4 36. Nc2 Rc3 37. Qa6 Nc8 38. Nxb4 axb3 39. axb3 Rxb3 40. Nc6
Nb6 41. Qb7 Kf8 42. Ra6 Qc8 43. Qxc8+ Nxc8 44. Ra8 Ke8 45. Na7 Ra3 46. Rxc8+
Kd7 47. Rc7+ Kxc7 48. Nb5+ Kb6 49. Nxa3 Ka5 50. Nc2 1-0

[Event "Sparkassen-Open A"]
[Site "Heusenstamm, Martinsee"]
[Date "2018.11.23"]
[Round "3.32"]
[White "Jansen, Dirk Norbert"]
[Black "Hehn, Hartmut"]
[Result "1-0"]
[WhiteElo "2209"]
[BlackElo "2016"]
[PlyCount "97"]
[EventDate "2018.??.??"]
[WhiteTeam "SV Weidenau/Geisweid"]
[BlackTeam "SV Ebersbach"]

1. e4 c6 2. d4 d5 3. e5 g6 4. c4 Bg7 5. Nc3 e6 6. Nf3 Ne7 7. h4 h5 8. Bg5 b6 9.
Rc1 a5 10. Qd2 Ba6 11. cxd5 Bxf1 12. Bxe7 Qxe7 13. d6 Qb7 14. Kxf1 Nd7 15. Qe2
O-O 16. Ng5 Rac8 17. f4 c5 18. dxc5 Rxc5 19. Nge4 Rc6 20. Kf2 Rfc8 21. a4 Rc4
22. Qf3 Kf8 23. Nd2 Qxf3+ 24. Kxf3 Rxf4+ 25. Kxf4 Bh6+ 26. Kg3 Bxd2 27. Rc2 Bh6
28. Re1 Bg7 29. Rce2 Rc5 30. Kf4 Bh6+ 31. Kf3 Bg7 32. Kf4 Bh6+ 33. Kf3 Bg7 34.
Ne4 Nxe5+ 35. Kg3 Rc6 36. Ng5 Rxd6 37. Rxe5 Bxe5+ 38. Rxe5 f6 39. Rxe6 Rd3+ 40.
Nf3 Rb3 41. Rxf6+ Kg7 42. Rc6 Rxb2 43. Ne5 b5 44. Rxg6+ Kh7 45. Ra6 Rb3+ 46.
Nf3 bxa4 47. Rxa5 a3 48. Rxh5+ Kg6 49. Ra5 1-0

[Event "Sparkassen-Open A"]
[Site "Heusenstamm, Martinsee"]
[Date "2018.11.23"]
[Round "3.33"]
[White "Begri, Felix"]
[Black "Adocchio, Giampiero"]
[Result "1/2-1/2"]
[WhiteElo "2008"]
[BlackElo "2171"]
[PlyCount "142"]
[EventDate "2018.??.??"]
[WhiteTeam "SV Hofheim"]
[BlackTeam "Mosbacher SC"]

1. d4 Nf6 2. c4 e6 3. g3 d5 4. Bg2 Be7 5. Nf3 O-O 6. O-O dxc4 7. Qc2 a6 8. a4
Bd7 9. Qxc4 Bc6 10. Bg5 a5 11. Nc3 Nbd7 12. Rfd1 h6 13. Bxf6 Nxf6 14. Ne5 Bxg2
15. Kxg2 c6 16. Qd3 Qb6 17. e4 Rfd8 18. Nf3 Qa6 19. Qe3 Rac8 20. h3 b5 21. axb5
cxb5 22. Qe2 Rc4 23. d5 exd5 24. Nxd5 Nxd5 25. exd5 Bf6 26. d6 a4 27. d7 Qc6
28. Rd2 Re4 29. Qd1 Rc4 30. Ra3 g6 31. Rd6 Rxd7 32. Rxd7 Bxb2 33. Re3 a3 34.
Rd8+ Kh7 35. Qb3 Qc7 36. Rde8 Qd7 37. R8e7 Qd5 38. R3e5 Bxe5 39. Rxe5 Qa8 40.
Re2 Qa4 41. Qa2 Rc7 42. Re8 b4 43. Rb8 Kg7 44. Qd5 Qd7 45. Qxd7 Rxd7 46. Rxb4
Ra7 47. Rb1 Kf6 48. Ra1 a2 49. Nd4 Ra3 50. Nc2 Ra4 51. Kf3 Ke5 52. Ke3 g5 53.
Kd3 f5 54. f3 h5 55. Kc3 h4 56. Re1+ Kd5 57. Kb3 Ra8 58. Nb4+ Kd4 59. Nc2+ Kd3
60. gxh4 gxh4 61. f4 Kd2 62. Ra1 Rc8 63. Nb4 Rc3+ 64. Ka4 Rxh3 65. Rxa2+ Ke1
66. Nc2+ Kf1 67. Ra1+ Kg2 68. Nd4 Re3 69. Ra2+ Kh3 70. Nxf5 Re4+ 71. Kb3 Rxf4
1/2-1/2

[Event "Sparkassen-Open A"]
[Site "Heusenstamm, Martinsee"]
[Date "2018.11.23"]
[Round "3.34"]
[White "Waffenschmidt, Joachim"]
[Black "Dunsbach, Ralf"]
[Result "1/2-1/2"]
[WhiteElo "2007"]
[BlackElo "2159"]
[PlyCount "114"]
[EventDate "2018.??.??"]
[WhiteTeam "SC Brett vorm Kopp"]
[BlackTeam "SK Bad Homburg"]

1. d4 d5 2. c4 dxc4 3. Nf3 Nf6 4. e3 Bg4 5. Bxc4 e6 6. O-O a6 7. Nc3 Nc6 8. h3
Bh5 9. Be2 Bd6 10. Qb3 O-O 11. Rd1 Qe7 12. e4 Bxf3 13. Bxf3 e5 14. dxe5 Qxe5
15. Be3 Qh2+ 16. Kf1 Ne5 17. Ke2 Nxf3 18. gxf3 Qxh3 19. Rg1 Rfe8 20. Nd5 Nxd5
21. Qxd5 Qe6 22. Qxe6 Rxe6 23. Rad1 Rae8 24. Bd4 Be5 25. Bxe5 Rxe5 26. Rd7 R5e7
27. Rd5 g6 28. Ke3 c6 29. Rdg5 f6 30. Rc5 Rd8 31. f4 Red7 32. Rc3 Rd1 33. Rxd1
Rxd1 34. Rb3 Rd7 35. e5 Kf7 36. Ke4 Ke6 37. a4 fxe5 38. fxe5 g5 39. Rh3 Rf7 40.
Rh6+ Ke7 41. a5 Rf4+ 42. Ke3 Rb4 43. f3 Rxb2 44. Ke4 Rb4+ 45. Kf5 Rf4+ 46. Kxg5
Rxf3 47. Rxh7+ Ke6 48. Rxb7 Kxe5 49. Rb6 c5 50. Rxa6 Rg3+ 51. Kh4 Ra3 52. Ra8
Kd5 53. Kg4 Kc6 54. a6 Ra4+ 55. Kf3 Kb6 56. Ke3 Rxa6 57. Rxa6+ Kxa6 1/2-1/2

[Event "Sparkassen-Open A"]
[Site "Heusenstamm, Martinsee"]
[Date "2018.11.23"]
[Round "3.35"]
[White "Browning, Alex"]
[Black "Altenbernd, Dirk"]
[Result "1-0"]
[WhiteElo "2102"]
[BlackElo "1842"]
[PlyCount "80"]
[EventDate "2018.??.??"]
[WhiteTeam "SVG Plettenberg"]
[BlackTeam "SK TÃ¶nsberg Oerlinghausen"]

1. e4 g6 2. d4 Bg7 3. Nc3 c6 4. Nf3 d5 5. e5 f6 6. Bd3 Nh6 7. O-O O-O 8. exf6
exf6 9. h3 Re8 10. b4 Qd6 11. b5 Be6 12. bxc6 bxc6 13. Na4 Nd7 14. Rb1 Rab8 15.
Rb3 Nf7 16. Nc5 Nxc5 17. Ba3 Qc7 18. Bxc5 Bf8 19. Bxf8 Kxf8 20. Qd2 Kg7 21. Re1
Bd7 22. Rc1 Be6 23. c4 Rxb3 24. axb3 Qb8 25. c5 Re7 26. Bc2 Rb7 27. Re1 Nd8 28.
g4 Qc7 29. Kg2 Bf7 30. g5 f5 31. Re5 Ne6 32. Nh4 Nxc5 33. Bxf5 Nxb3 34. Qf4 Na5
35. Bxg6 hxg6 36. Qf6+ Kh7 37. Nf5 gxf5 38. Qh6+ Kg8 39. g6 Bxg6 40. Qxg6+ Qg7
1-0

[Event "Sparkassen-Open A"]
[Site "Heusenstamm, Martinsee"]
[Date "2018.11.23"]
[Round "3.36"]
[White "Ahrends, Norbert"]
[Black "Farmani Anosheh, Yasha"]
[Result "0-1"]
[WhiteElo "1856"]
[BlackElo "2127"]
[PlyCount "130"]
[EventDate "2018.??.??"]
[WhiteTeam "SV GroÃŸ-Gerau"]
[BlackTeam "SK Ladenburg"]

1. d4 Nf6 2. c4 e6 3. Nc3 Bb4 4. Qc2 O-O 5. a3 Bxc3+ 6. Qxc3 d5 7. Nf3 b6 8.
Qc2 Nbd7 9. Bg5 h6 10. Bh4 c5 11. cxd5 exd5 12. e3 Bb7 13. Bb5 g5 14. Bg3 Ne4
15. O-O Rc8 16. Qe2 Qe7 17. Bd3 Nxg3 18. hxg3 Kg7 19. Bf5 Rc7 20. Rad1 Nf6 21.
Nh2 Bc8 22. Bb1 Rh8 23. Rfe1 h5 24. Rd2 Ne4 25. Bxe4 dxe4 26. dxc5 Rxc5 27.
Red1 h4 28. gxh4 gxh4 29. Rd5 Be6 30. Rxc5 Qxc5 31. Qd2 Rc8 32. f3 Rc7 33. b4
Qc3 34. fxe4 Qxd2 35. Rxd2 Rc3 36. Kf2 Rxa3 37. Rb2 a5 38. bxa5 bxa5 39. Nf3 a4
40. Nd4 Kf6 41. Kf3 Rc3 42. Rb4 a3 43. Ra4 Bc4 44. Ne2 Bxe2+ 45. Kxe2 Rc2+ 46.
Kd3 Rxg2 47. e5+ Kg5 48. Rxa3 h3 49. Ra8 Rg4 50. Rg8+ Kh4 51. Rh8+ Kg3 52. Ke2
h2 53. Kf1 Rh4 54. Rxh4 Kxh4 55. Kg2 h1=Q+ 56. Kxh1 Kg3 57. Kg1 Kf3 58. Kh2
Kxe3 59. Kg3 Ke4 60. Kg4 Kxe5 61. Kf3 Kf5 62. Kg3 Ke4 63. Kg4 f5+ 64. Kg3 Ke3
65. Kg2 f4 0-1

[Event "Sparkassen-Open A"]
[Site "Heusenstamm, Martinsee"]
[Date "2018.11.23"]
[Round "3.37"]
[White "Alber, Horst"]
[Black "Meyer, Marcel"]
[Result "1-0"]
[WhiteElo "2287"]
[BlackElo "1811"]
[PlyCount "51"]
[EventDate "2018.??.??"]
[WhiteTeam "SK Marburg"]
[BlackTeam "SC Herborn"]

1. d4 d5 2. c4 c6 3. cxd5 cxd5 4. Nc3 Nc6 5. Bf4 Bf5 6. e3 e6 7. Qb3 Bb4 8. Rc1
Qb6 9. a3 Bxc3+ 10. Rxc3 Qxb3 11. Rxb3 b6 12. Rc3 Nge7 13. Ba6 Kd7 14. Nf3 f6
15. h4 Be4 16. Ke2 Bxf3+ 17. gxf3 e5 18. dxe5 fxe5 19. Bg3 Rhf8 20. Rhc1 Rf6
21. b4 d4 22. Rc4 Nd5 23. Bb7 Re8 24. Bxc6+ Rxc6 25. Rxc6 Nc3+ 26. R1xc3 1-0

[Event "Sparkassen-Open A"]
[Site "Heusenstamm, Martinsee"]
[Date "2018.11.23"]
[Round "3.38"]
[White "Junker, Christian"]
[Black "Donchenko, Anatoly"]
[Result "1/2-1/2"]
[WhiteElo "1984"]
[BlackElo "2269"]
[PlyCount "52"]
[EventDate "2018.??.??"]
[WhiteTeam "SV Neu-Isenburg"]
[BlackTeam "SK GieÃŸen"]

1. Nf3 Nf6 2. g3 b5 3. d3 Bb7 4. Bg2 e6 5. O-O d5 6. Nbd2 c5 7. e4 Nc6 8. Re1
Be7 9. Qe2 b4 10. e5 Nd7 11. h4 h6 12. h5 a5 13. c4 bxc3 14. bxc3 Ba6 15. Nf1
Rb8 16. Bf4 a4 17. a3 Rb3 18. c4 dxc4 19. dxc4 Nb6 20. Red1 Qc7 21. N3d2 Nd4
22. Qe4 Kf8 23. Ne3 Rb2 24. Rab1 Ra2 25. Kh2 Rxa3 26. Rb2 Nd7 1/2-1/2

[Event "Sparkassen-Open A"]
[Site "Heusenstamm, Martinsee"]
[Date "2018.11.23"]
[Round "3.39"]
[White "Kersten, Uwe"]
[Black "MÃ¼dder, Rafael"]
[Result "1-0"]
[WhiteElo "2233"]
[BlackElo "1994"]
[PlyCount "39"]
[EventDate "2018.??.??"]
[WhiteTeam "Bad Emstal"]
[BlackTeam "SG Solingen"]

1. d4 d5 2. Bf4 c6 3. Nf3 Qb6 4. Qc1 Bf5 5. e3 Nf6 6. h3 h6 7. Be2 e6 8. Nbd2
Na6 9. a3 c5 10. c4 Be7 11. b4 cxb4 12. c5 Qa5 13. axb4 Qxb4 14. O-O O-O 15.
Ra3 Bd8 16. Bd6 Ne4 17. Nxe4 Bxe4 18. Nd2 Bg6 19. Rb3 Qa5 20. Qb2 1-0

[Event "Sparkassen-Open A"]
[Site "Heusenstamm, Martinsee"]
[Date "2018.11.23"]
[Round "3.40"]
[White "Calvi, Stefan"]
[Black "Henrich, Thomas"]
[Result "0-1"]
[WhiteElo "1986"]
[BlackElo "2207"]
[PlyCount "134"]
[EventDate "2018.??.??"]
[WhiteTeam "SF Frankfurt"]
[BlackTeam "SK Marburg"]

1. e4 e6 2. d3 c5 3. Nf3 Nc6 4. g3 Bd6 5. Bg2 Nge7 6. c3 Bc7 7. d4 cxd4 8. cxd4
d5 9. e5 Nf5 10. O-O Bb6 11. Be3 f6 12. exf6 Qxf6 13. Bg5 Qg6 14. Be3 O-O 15.
Re1 Bd7 16. Nc3 Rae8 17. Na4 Ba5 18. Bd2 Bd8 19. Nc5 Bc8 20. Bc3 Bf6 21. Ne5
Nxe5 22. dxe5 Be7 23. Nd3 b6 24. a4 a5 25. b4 d4 26. Bd2 Nxg3 27. hxg3 Qxd3 28.
bxa5 Qf5 29. f4 bxa5 30. Bxa5 Bc5 31. Bd2 Ba6 32. Rc1 Ba7 33. Rc7 Bb8 34. Rd7
Bc8 35. Rxd4 Ba7 36. Be3 Bxd4 37. Qxd4 Rd8 38. Qe4 Qg4 39. Qf3 Qg6 40. a5 Ba6
41. Qf2 Bd3 42. Bc5 Rf7 43. Bd6 Rc8 44. Qe3 h5 45. Rd1 Ba6 46. Bh3 Rb7 47. f5
exf5 48. e6 f4 49. Qxf4 Be2 50. e7 Bg4 51. Bxg4 Qxg4 52. Qf8+ Kh7 53. Rf1 Qd4+
54. Kh1 Qd5+ 55. Qf3 Qxf3+ 56. Rxf3 Rc1+ 57. Kg2 Rb2+ 58. Rf2 Rxf2+ 59. Kxf2
Rc8 60. a6 Kg6 61. Ke3 Kf7 62. Kd4 Rc6 63. Kd5 Rxa6 64. Bc5 Re6 65. Bd6 g5 66.
Bc5 Re2 67. Kd6 Rxe7 0-1

[Event "Sparkassen-Open A"]
[Site "Heusenstamm, Martinsee"]
[Date "2018.11.23"]
[Round "3.41"]
[White "Mesias Rojas, Rabindranath"]
[Black "Altenbernd, Jannis-Domenik"]
[Result "1-0"]
[WhiteElo "2205"]
[BlackElo "1990"]
[PlyCount "89"]
[EventDate "2018.??.??"]
[WhiteTeam "AJEZA"]
[BlackTeam "SG BÃ¼nde"]

1. d4 d6 2. e4 Nf6 3. Nc3 c6 4. f4 Qc7 5. Nf3 Bg4 6. e5 Nd5 7. Nxd5 cxd5 8. c3
Nc6 9. h3 Bxf3 10. Qxf3 e6 11. Bd3 O-O-O 12. O-O Be7 13. b4 f5 14. Be3 dxe5 15.
dxe5 Kb8 16. Qf2 b6 17. a4 d4 18. cxd4 Nxb4 19. Bb5 Qc2 20. Qg3 Qe4 21. a5 Nc2
22. axb6 axb6 23. Ra6 Nxe3 24. Rxb6+ Kc7 25. Rc6+ Qxc6 26. Bxc6 Nxf1 27. Qc3
Rc8 28. Ba4+ Kb8 29. Qb3+ Ka7 30. Qxe6 Rc7 31. Kxf1 Rb8 32. Bc6 Rb6 33. d5 Bh4
34. Qxf5 Rb2 35. Qd3 Rf2+ 36. Kg1 Ra2 37. Qd4+ Kb8 38. Qb4+ Kc8 39. Qf8+ Bd8
40. e6 Re2 41. Qe8 Rd2 42. Bd7+ Kb7 43. Qxd8 Rcc2 44. Bc6+ Ka6 45. Qg5 1-0

[Event "Sparkassen-Open A"]
[Site "Heusenstamm, Martinsee"]
[Date "2018.11.23"]
[Round "3.42"]
[White "Boos, Markus"]
[Black "Krychevskiy, Dmytro"]
[Result "1-0"]
[WhiteElo "2166"]
[BlackElo "1986"]
[PlyCount "89"]
[EventDate "2018.??.??"]
[WhiteTeam "Elberfelder SG"]
[BlackTeam "SV Oberursel"]

1. d4 c6 2. c4 d5 3. Nf3 Nf6 4. e3 e6 5. b3 Bb4+ 6. Nbd2 O-O 7. Bd3 Nbd7 8. O-O
Re8 9. Bb2 Bd6 10. e4 e5 11. dxe5 Nxe5 12. Nxe5 Bxe5 13. Bxe5 Rxe5 14. f4 Re8
15. cxd5 cxd5 16. e5 Ng4 17. Qf3 Qb6+ 18. Kh1 Qe3 19. Qxe3 Nxe3 20. Rfe1 Ng4
21. Kg1 g6 22. h3 Nh6 23. g4 Kf8 24. Nf3 Bd7 25. Rac1 Rac8 26. Kf2 Ng8 27. Nd4
a6 28. Rxc8 Rxc8 29. Ke3 Ne7 30. f5 Nc6 31. e6 Re8 32. Nxc6 bxc6 33. Kd4 fxe6
34. fxg6 hxg6 35. Bxg6 Rb8 36. Ke5 Kg7 37. Bd3 a5 38. Kd6 Rb7 39. Re5 Ra7 40.
Rh5 Ra8 41. Kxd7 a4 42. Kxe6 axb3 43. axb3 Ra3 44. Rh7+ Kg8 45. Rb7 1-0

[Event "Sparkassen-Open A"]
[Site "Heusenstamm, Martinsee"]
[Date "2018.11.23"]
[Round "3.43"]
[White "Henrich, David"]
[Black "Diez, Gerhard"]
[Result "1/2-1/2"]
[WhiteElo "2141"]
[BlackElo "1984"]
[PlyCount "66"]
[EventDate "2018.??.??"]
[WhiteTeam "Frankfurter TV"]
[BlackTeam "SC Bad Nauheim"]

1. c4 c5 2. Nc3 e6 3. e4 Nf6 4. e5 Ng8 5. d3 Nc6 6. Nf3 d6 7. exd6 Bxd6 8. Be3
e5 9. Ne4 Qe7 10. Be2 f5 11. Nc3 Nf6 12. Bg5 Be6 13. Nd2 O-O-O 14. Qa4 Bb8 15.
O-O-O h6 16. Bxf6 gxf6 17. Nb3 Nd4 18. Qa3 Nxe2+ 19. Nxe2 b6 20. Qa6+ Qb7 21.
Nxc5 Qxa6 22. Nxa6 Bd6 23. a3 e4 24. Kb1 Kb7 25. Nb4 exd3 26. Nxd3 Bxc4 27.
Nef4 Bb3 28. Rde1 Rhe8 29. g3 Be5 30. Re3 Bd4 31. Rxe8 Rxe8 32. Rc1 a5 33. h4
Re7 1/2-1/2

[Event "Sparkassen-Open A"]
[Site "Heusenstamm, Martinsee"]
[Date "2018.11.23"]
[Round "3.44"]
[White "Kalepky, Helmut"]
[Black "Hinrichs, Niklas"]
[Result "0-1"]
[WhiteElo "1960"]
[BlackElo "2124"]
[PlyCount "90"]
[EventDate "2018.??.??"]
[WhiteTeam "SF Heidesheim"]
[BlackTeam "SK Bingen"]

1. d4 d5 2. Nf3 Nf6 3. c4 c6 4. Nc3 e6 5. e3 Nbd7 6. cxd5 exd5 7. Bd3 Bd6 8.
O-O O-O 9. Qc2 Re8 10. e4 dxe4 11. Nxe4 Nxe4 12. Bxe4 h6 13. Be3 Nf6 14. Bf5
Nd5 15. Bxc8 Rxc8 16. Rae1 Qf6 17. Bd2 Bf4 18. Rxe8+ Rxe8 19. Re1 Rxe1+ 20.
Bxe1 Qe6 21. Kf1 Bc7 22. Bd2 Bf4 23. b3 Bxd2 24. Nxd2 Nf4 25. Qe4 Qg4 26. Qf3
Qxf3 27. Nxf3 Kf8 28. Ne1 Ke7 29. g3 Ne6 30. Nc2 Nc7 31. Ke2 Nd5 32. Kd3 g6 33.
a3 Ke6 34. f3 f5 35. h4 Kf6 36. a4 g5 37. hxg5+ Kxg5 38. Ne3 h5 39. f4+ Nxf4+
40. gxf4+ Kxf4 41. d5 cxd5 42. Nxd5+ Kf3 43. Ne3 h4 44. Nxf5 h3 45. Nd4+ Kf2
0-1

[Event "Sparkassen-Open A"]
[Site "Heusenstamm, Martinsee"]
[Date "2018.11.23"]
[Round "3.45"]
[White "Schreiner, Roland"]
[Black "Steudel, Max"]
[Result "1-0"]
[WhiteElo "2121"]
[BlackElo "1951"]
[PlyCount "87"]
[EventDate "2018.??.??"]
[WhiteTeam "SC Heusenstamm"]
[BlackTeam "SC Brett vorm Kopp"]

1. d4 d5 2. c4 e6 3. Nf3 Nf6 4. Nc3 Be7 5. Bf4 O-O 6. e3 b6 7. Be2 Bb7 8. O-O
Nbd7 9. Rc1 Nh5 10. Bg3 Nxg3 11. hxg3 a6 12. cxd5 exd5 13. Qb3 c6 14. Rfd1 b5
15. Qc2 Qb6 16. Bd3 h6 17. Bh7+ Kh8 18. Bf5 Rad8 19. Bxd7 Rxd7 20. Ne5 Rd6 21.
Ne2 Kg8 22. Nf4 Rc8 23. Nfd3 Rc7 24. Nc5 Bc8 25. b4 Rf6 26. Qd2 Bd6 27. Nb3 Re6
28. Nd3 h5 29. Rc2 Rh6 30. Rdc1 Bf5 31. a3 Be7 32. Rc3 Bxd3 33. Qxd3 h4 34.
gxh4 Rxh4 35. g3 Rh6 36. Kg2 Qb7 37. Rh1 Rxh1 38. Kxh1 Qc8 39. Kg2 c5 40. dxc5
Rc6 41. Rc1 Rf6 42. Qxd5 Qg4 43. Nd4 Rh6 44. Qf5 1-0

[Event "Sparkassen-Open A"]
[Site "Heusenstamm, Martinsee"]
[Date "2018.11.23"]
[Round "3.46"]
[White "Amtmann, Florian"]
[Black "Teichert, Felix"]
[Result "1-0"]
[WhiteElo "2120"]
[BlackElo "1980"]
[PlyCount "95"]
[EventDate "2018.??.??"]
[WhiteTeam "Spvgg Stetten"]
[BlackTeam "Leegebrucher SF"]

1. e4 c5 2. d4 cxd4 3. c3 dxc3 4. Nxc3 Nc6 5. Nf3 d6 6. Bc4 e6 7. O-O Be7 8.
Qe2 Nf6 9. Rd1 e5 10. Be3 O-O 11. Rac1 Be6 12. a3 Rc8 13. Bxe6 fxe6 14. b4 a6
15. Qa2 Qd7 16. Na4 Nd8 17. Nc5 Qe8 18. Nxe6 Nxe6 19. Qxe6+ Qf7 20. Qxc8 Rxc8
21. Rxc8+ Ne8 22. Rb8 Qb3 23. Rxe8+ Kf7 24. Rxe7+ Kxe7 25. Rc1 Qxa3 26. Bd2 Kd7
27. h3 Qd3 28. Re1 b6 29. Kh2 Qc2 30. Kg3 Qc4 31. h4 Ke7 32. h5 h6 33. Nh4 Qd3+
34. Be3 Kf7 35. Nf5 d5 36. f3 d4 37. Bf2 Qd2 38. Ra1 a5 39. bxa5 bxa5 40. Rb1
a4 41. Rb7+ Kf6 42. Ra7 Qg5+ 43. Kh2 Qxh5+ 44. Kg1 Qe8 45. Ra6+ Kg5 46. Bh4+
Kf4 47. Kf2 Qb5 48. g3# 1-0

[Event "Sparkassen-Open A"]
[Site "Heusenstamm, Martinsee"]
[Date "2018.11.23"]
[Round "3.47"]
[White "Hinrichs, Paul"]
[Black "Rudolph, Peter"]
[Result "1/2-1/2"]
[WhiteElo "1907"]
[BlackElo "2120"]
[PlyCount "45"]
[EventDate "2018.??.??"]
[WhiteTeam "SK Bingen"]
[BlackTeam "SK GieÃŸen"]

1. d4 Nf6 2. c4 e6 3. Nc3 d5 4. cxd5 exd5 5. Bg5 c6 6. e3 Be7 7. Bd3 Ne4 8.
Bxe7 Qxe7 9. Qc2 Nxc3 10. bxc3 g6 11. Nf3 Nd7 12. O-O O-O 13. a4 Nf6 14. c4
dxc4 15. Bxc4 Be6 16. Rab1 Nd5 17. Bxd5 Bxd5 18. Qc5 Rfe8 19. Qxe7 Rxe7 20. Rb4
b6 21. Rc1 Rc8 22. Nd2 f5 23. Rb2 1/2-1/2

[Event "Sparkassen-Open A"]
[Site "Heusenstamm, Martinsee"]
[Date "2018.11.23"]
[Round "3.48"]
[White "Bachmann, Nick"]
[Black "SchrÃ¶der, JÃ¼rgen"]
[Result "0-1"]
[WhiteElo "1957"]
[BlackElo "2102"]
[PlyCount "58"]
[EventDate "2018.??.??"]
[WhiteTeam "SG WÃ¤chtersbach"]
[BlackTeam "SC Matt im Park"]

1. e4 g6 2. d4 Bg7 3. c4 d6 4. Nc3 Nc6 5. Be3 e5 6. Nge2 f5 7. f3 Nf6 8. c5 O-O
9. d5 Ne7 10. h3 fxe4 11. fxe4 c6 12. dxc6 d5 13. exd5 Nfxd5 14. Qb3 bxc6 15.
O-O-O Be6 16. Ng3 Rb8 17. Qa3 Qc8 18. Ba6 Qc7 19. Bd2 Nb4 20. Nb5 cxb5 21. Bxb4
Nd5 22. Rhf1 Rf4 23. Rxf4 exf4 24. Ne4 Ne3 25. Nd6 Nxd1 26. Kxd1 Qc6 27. Qa5
Qd5+ 28. Ke1 Qxg2 29. Bb7 f3 0-1

[Event "Sparkassen-Open A"]
[Site "Heusenstamm, Martinsee"]
[Date "2018.11.23"]
[Round "3.49"]
[White "Rondonuwu, Grover"]
[Black "MÃ¼ller, Jochen"]
[Result "1-0"]
[WhiteElo "2101"]
[BlackElo "1967"]
[PlyCount "73"]
[EventDate "2018.??.??"]
[WhiteTeam "Frankfurter TV"]
[BlackTeam "Spvgg Stetten"]

1. d4 e6 2. c4 f5 3. Nf3 Nf6 4. Nc3 Bb4 5. Qc2 O-O 6. g3 b6 7. Bg2 Bb7 8. O-O
c5 9. d5 Bxc3 10. bxc3 exd5 11. Nh4 Ne4 12. cxd5 Nd6 13. c4 f4 14. Bb2 Ba6 15.
Rac1 Qg5 16. Nf3 Qh5 17. Ne5 Bb7 18. Rce1 Nf7 19. gxf4 d6 20. Nd3 Bc8 21. Qc3
Qh6 22. e4 Nd7 23. e5 dxe5 24. fxe5 Ng5 25. Re3 b5 26. cxb5 Nb6 27. Nxc5 Bg4
28. f4 Nf7 29. Rg3 Rac8 30. Qd4 Rxc5 31. Qxc5 Rc8 32. Qf2 Bf5 33. e6 Nd6 34.
Be5 Rc2 35. Qd4 Nxb5 36. Bxg7 Nxd4 37. Bxh6+ 1-0

[Event "Sparkassen-Open A"]
[Site "Heusenstamm, Martinsee"]
[Date "2018.11.23"]
[Round "3.50"]
[White "Stock, JÃ¼rgen"]
[Black "Gallasch, Jonas"]
[Result "1-0"]
[WhiteElo "1941"]
[BlackElo "2100"]
[PlyCount "85"]
[EventDate "2018.??.??"]
[WhiteTeam "Sfr. Kelkheim"]
[BlackTeam "SG Porz"]

1. d4 Nf6 2. c3 c5 3. e3 d5 4. Bd3 Nc6 5. f4 e6 6. Nd2 Bd6 7. Nh3 Qc7 8. O-O
cxd4 9. exd4 Rb8 10. Qe2 O-O 11. Nf3 a6 12. Ne5 b5 13. a3 Na5 14. g4 Bb7 15.
Nf2 Nb3 16. Rb1 Nd7 17. g5 Nxc1 18. Rbxc1 f6 19. Bxh7+ Kxh7 20. Qh5+ Kg8 21. g6
Rfe8 22. Nf7 Kf8 23. Qh8+ Ke7 24. Qxg7 Qc8 25. Ng4 Rg8 26. Qh7 Qf8 27. f5 Rg7
28. Rce1 Ne5 29. Qh4 Nxg4 30. Rxe6+ Kd7 31. Nxd6 Re7 32. Nxb7 Rxb7 33. Qxg4
Rxe6 34. fxe6+ Ke7 35. Rf5 Qh6 36. g7 Qc1+ 37. Rf1 Qe3+ 38. Rf2 Qe1+ 39. Kg2
Rb8 40. g8=Q Qe4+ 41. Kh3 Qe3+ 42. Qg3 Qh6+ 43. Kg2 1-0